000 00424nam a2200157Ia 4500
999 _c489
_d489
003 OSt
005 20190918202126.0
008 190722s9999 xx 000 0 und d
020 _a978-0133594171
040 _cmaju
100 _aWilliam Stallings
245 0 _aWireless Communications & Networks
260 _aNew Delhi
_bPearson (Indian Ed.) Pvt. Ltd. Dorling Kindersley Pvt. Ltd.
_c2013
300 _a596
942 _cBK
_2ddc